000 00457nam a2200181Ia 4500
005 20250326141914.0
008 250326s9999 xx 000 0 und d
037 _aTextbook
040 _aFMSL
_beng
_cFMSL
041 _aeng
_2eng
084 _qFMSL
100 _aWyden Peter
_9292701
245 0 _aUnknown IACOCCA
_cWyden Peter
260 _aLondon
_bLondon, Sidgwic & Jackson
_c1987
300 _a346p
942 _cTB
999 _c1292546
_d1292546